01273nam a2200301Ia 4500001001200000003000800012006001900020007001500039008004100054010001700095020001800112020001500130040002100145035002100166050002400187082002000211245018300231260006600414300001900480504005300499533015200552650002500704650004100729655002900770700002900799710001700828856012600845ebr10251444CaPaEBRm u cr cn|||||||||071126s2008 enka sb 001 0 eng d z 2007048342 z9781843108795 z1843108798 aCaPaEBRcCaPaEBR a(OCoLC)29063109514aRJ504b.S587 2008eb04a618.92/891422200aSpeaking about the unspeakableh[electronic resource] :bnon-verbal methods and experiences in therapy with children /cedited by Dennis McCarthy ; foreword by Priscilla Rodgers. aLondon ;aPhiladelphia :bJessica Kingsley Publishers,c2008. a160 p. :bill. aIncludes bibliographical references and indexes. aElectronic reproduction.bPalo Alto, Calif. :cebrary,d2009.nAvailable via World Wide Web.nAccess may be limited to ebrary affiliated libraries. 0aChild psychotherapy. 0aNonverbal communication in children. 7aElectronic books.2local1 aMcCarthy, Dennis,d1951-2 aebrary, Inc.40uhttp://site.ebrary.com/lib/rucke/Doc?id=10251444zAn electronic book accessible through the World Wide Web; click to view